| 000 | 00854nam a2200301Ia 4500 | ||
|---|---|---|---|
| 001 | 84294 | ||
| 003 | IT-RoPAU | ||
| 008 | 130308s9999 xx 000 0 und d | ||
| 040 | _aIT-RoPAU | ||
| 040 | _cIT-RoPAU | ||
| 041 | _aITALIANO | ||
| 100 | _aHood J.D. | ||
| 100 | _gCodice Aut. SPICS: 4695 | ||
| 245 | _aDeficit uditivi ed apprezzamento della musica | ||
| 245 | _bMusica e Il cervello (La)-Studi Sulla Neurologia della Musica | ||
| 250 | _a1a ed. | ||
| 260 | _aPADOVA | ||
| 260 | _bPiccin | ||
| 260 | _c1987 [1° Ed.:1987 - Ed.Ling.Originale:1977] | ||
| 300 | _a"23 p. (prefazione: no ; testo: 23 [pagine: 337-359])" | ||
| 500 | _aTipi di Sordità Audiometria vocale Sordità Nei musicisti | ||
| 650 | _aSAGGI MUSICALI | ||
| 650 | _eCodice materia Spics: 7011 | ||
| 942 | _cBK | ||
| 957 | _71 | ||
| 999 |
_c59826 _d59826 |
||
| 999 | _bSI | ||
| 999 | _g1 | ||